དགྲ་མེད་རྩེ་རྔ་འཆམ། (Record no. 514)

MARC details
000 -LEADER
fixed length control field 00552nam a2200181 4500
001 - CONTROL NUMBER
control field 707
005 - DATE AND TIME OF LATEST TRANSACTION
control field 20190920120422.0
008 - FIXED-LENGTH DATA ELEMENTS--GENERAL INFORMATION
fixed length control field 190920b ||||| |||| 00| 0 eng d
020 00 - INTERNATIONAL STANDARD BOOK NUMBER
International Standard Book Number 9789993677109
090 00 - LOCALLY ASSIGNED LC-TYPE CALL NUMBER (OCLC); LOCAL CALL NUMBER (RLIN)
Classification number (OCLC) (R) ; Classification number, CALL (RLIN) (NR) 793.3195498 N5762d 2009.
100 00 - MAIN ENTRY--PERSONAL NAME
Personal name Ngawang.
245 00 - TITLE STATEMENT
Title དགྲ་མེད་རྩེ་རྔ་འཆམ།
Statement of responsibility, etc. Ngawang.
260 00 - PUBLICATION, DISTRIBUTION, ETC.
Place of publication, distribution, etc. Semtokha :
Name of publisher, distributor, etc. Institute of Language and Culture Studies,
Date of publication, distribution, etc. 2009.
300 00 - PHYSICAL DESCRIPTION
Extent 129 p.
500 00 - GENERAL NOTE
General note In Dzongkha and English.
650 00 - SUBJECT ADDED ENTRY--TOPICAL TERM
Topical term or geographic name entry element Folk dancing --Bhutan --History.
942 ## - ADDED ENTRY ELEMENTS (KOHA)
Source of classification or shelving scheme Dewey Decimal Classification
Koha item type Dzongkha
Holdings
Withdrawn status Lost status Source of classification or shelving scheme Damaged status Not for loan Collection code Home library Current library Shelving location Serial Enumeration / chronology Inventory number Total Checkouts Full call number Barcode Date last seen Copy number Price effective from Koha item type Date acquired Date last checked out
    Dewey Decimal Classification     Dzongkha RTC Library RTC Library Dzongkha 2073   793.3 NGA 30004880 27/11/2018 4 27/11/2018 Dzongkha    
    Dewey Decimal Classification     Reference RTC Library RTC Library Reference 2085   793.3 NGA 30000172 27/11/2018 3 27/11/2018 Reference    
    Dewey Decimal Classification     Dzongkha RTC Library RTC Library Dzongkha 2083 2 793.3 NGA 30004892 31/05/2023 2 27/11/2018 Dzongkha 06/09/2021 18/05/2023
Royal Thimphu College || All Right Reserved